000 00558nam a2200193 a 4500
005 20140310183435.0
008 080130s19uu xx 00 eng d
020 _a9780470838488
050 _aHD 59
_b.Al45 2007
100 _aAllen, Judy
245 _aThe executive's guide to corporate events & business entertaining.
260 _aCanada :
_bJohn Wiley & Sons,
_c2007.
300 _a300 p.:
_bill.;
_c24 cm.
521 _aBSBA
650 _aBusiness entertaining
_xPlanning.
650 _aPublic Relations.
942 _cBK
_2lcc
_kFOR
999 _c22844
_d22844